000 00655nam a2200277Ia 4500
008 160716s9999||||xx |||||||||||||| ||und||
040 _cHindi
082 _aXI.C Dvivedi
082 _bBORI-94873
100 _aHajariprasad Dvivedi
245 _aNath-Sampradaya
260 _aVaranasi
260 _bNaivedya Niketan
300 _a12+256
300 _cB
300 _eHardbound
530 _u00094873.pdf
563 _aStudy
600 _aHajariprasad Dvivedi
630 _aNath-Sampradaya
650 _aGeneral Indology
650 _aPhilosophy
700 _aHajariprasad Dvivedi
730 _aNath-Sampradaya
942 _cBOOK
999 _c1399500
_d1399497